000 00339nam a2200145Ia 4500
008 150301s2015 xx 000 0 und d
082 _a615.19
_bA11V
100 _aVYAS, S.P
245 _aADVANCES IN PHARMACEUTICAL BIOTECHNOLOGY
250 _a1ST
260 _bCBS- DELHI
300 _a802
650 _aPHARMACEUTICS
942 _2ddc
_cBK
999 _c7359
_d7359